000 00284nam a22001337a 4500
008 171202b xxu||||| |||| 00| 0 eng d
020 _a0195041593
041 _aeng
080 _a32
100 _a18
101 _aSHP
245 _aAMERICAN AMBASSADOR
_cGREW, J.C
942 _2udc
_cBK
999 _c38747
_d38747